Countries With One Word Names - Statistics

General Stats
  • This quiz has been taken 40 times
    33 since last reset
  • The average score is 111 of 159
Answer Stats
Countries % Correct
China
93%
Pakistan
93%
Sweden
93%
Canada
89%
Cuba
89%
Iceland
89%
India
89%
Italy
89%
Russia
89%
Thailand
89%
Australia
85%
Croatia
85%
Japan
85%
Norway
85%
Poland
85%
Portugal
85%
Switzerland
85%
Algeria
81%
Argentina
81%
Chad
81%
Chile
81%
Finland
81%
Germany
81%
Greece
81%
Iran
81%
Iraq
81%
Ireland
81%
Mexico
81%
Netherlands
81%
Afghanistan
78%
Albania
78%
Austria
78%
Belgium
78%
Egypt
78%
France
78%
Hungary
78%
Indonesia
78%
Israel
78%
Jamaica
78%
Kenya
78%
Morocco
78%
Niger
78%
Oman
78%
Paraguay
78%
Romania
78%
Spain
78%
Turkey
78%
Ukraine
78%
Uruguay
78%
Vietnam
78%
Yemen
78%
Belize
74%
Botswana
74%
Bulgaria
74%
Denmark
74%
Estonia
74%
Fiji
74%
Georgia
74%
Haiti
74%
Jordan
74%
Madagascar
74%
Nigeria
74%
Slovakia
74%
Slovenia
74%
Sudan
74%
Tunisia
74%
Turkmenistan
74%
Uzbekistan
74%
Andorra
70%
Angola
70%
Armenia
70%
Belarus
70%
Ecuador
70%
Ethiopia
70%
Honduras
70%
Kazakhstan
70%
Kosovo
70%
Laos
70%
Latvia
70%
Libya
70%
Luxembourg
70%
Malaysia
70%
Mongolia
70%
Panama
70%
Peru
70%
Philippines
70%
Somalia
70%
Syria
70%
Zambia
70%
Zimbabwe
70%
Benin
67%
Bhutan
67%
Bolivia
67%
Cambodia
67%
Colombia
67%
Cyprus
67%
Dominica
67%
Gambia
67%
Lesotho
67%
Liberia
67%
Liechtenstein
67%
Lithuania
67%
Malta
67%
Rwanda
67%
Serbia
67%
Venezuela
67%
Azerbaijan
63%
Bahamas
63%
Eswatini
63%
Gabon
63%
Guinea
63%
Guyana
63%
Kiribati
63%
Kuwait
63%
Lebanon
63%
Mauritania
63%
Monaco
63%
Montenegro
63%
Mozambique
63%
Myanmar
63%
Nepal
63%
Nicaragua
63%
Palau
63%
Qatar
63%
Tanzania
63%
Uganda
63%
Vanuatu
63%
Bangladesh
59%
Barbados
59%
Brazil
59%
Cameroon
59%
Comoros
59%
Eritrea
59%
Ghana
59%
Guatemala
59%
Kyrgyzstan
59%
Mali
59%
Moldova
59%
Samoa
59%
Senegal
59%
Singapore
59%
Suriname
59%
Taiwan
59%
Tajikistan
59%
Tonga
59%
Mauritius
56%
Namibia
56%
Brunei
52%
Djibouti
52%
Grenada
52%
Seychelles
52%
Togo
52%
Bahrain
48%
Malawi
48%
Maldives
48%
Burundi
44%
Congo
41%
Tuvalu
41%
Micronesia
30%
No matching quizzes found
Score Distribution
Percent of People with Each Score
Percentile by Number Answered
Your Score History
You have not taken this quiz since the last reset